Guide book for the new through the green gate (Record no. 14890)

MARC details
000 -LEADER
fixed length control field 00385nam a2200145Ia 4500
005 - DATE AND TIME OF LATEST TRANSACTION
control field 20240814120837.0
008 - FIXED-LENGTH DATA ELEMENTS--GENERAL INFORMATION
fixed length control field 240813s9999||||xx |||||||||||||| ||und||
082 ## - DEWEY DECIMAL CLASSIFICATION NUMBER
Classification number 428.61 ODO
100 ## - MAIN ENTRY--PERSONAL NAME
Personal name O'Donnell, Mabel
245 #0 - TITLE STATEMENT
Title Guide book for the new through the green gate
260 ## - PUBLICATION, DISTRIBUTION, ETC.
Place of publication, distribution, etc. Illinois
Name of publisher, distributor, etc. Row, Peterson and Co
Date of publication, distribution, etc. 1949
300 ## - PHYSICAL DESCRIPTION
Extent 159p
650 ## - SUBJECT ADDED ENTRY--TOPICAL TERM
Topical term or geographic name entry element English language
942 ## - ADDED ENTRY ELEMENTS (KOHA)
Koha item type Book
Holdings
Withdrawn status Lost status Damaged status Not for loan Home library Current library Date acquired Total checkouts Barcode Date last seen Price effective from Koha item type
        Library and Documentation Division NCERT Library and Documentation Division NCERT 08/14/2024   15609 08/14/2024 08/14/2024 Book